Derm facts
A portable "peripheral brain" of dermatologic information for physicians. Data is presented in 27 tables, organized alphabetically by subject. In addition to providing overviews of specific diseases of the skin, hair, nails, mouth, and mucus membranes, the reference covers advocacy and sup...
Bewaard in:
| Hoofdauteur: | |
|---|---|
| Formaat: | Boek |
| Taal: | Undetermined |
| Gepubliceerd in: |
Philadelphia
Hanley & Belfus
2001
|
| Onderwerpen: | |
| Tags: |
Voeg label toe
Geen labels, Wees de eerste die dit record labelt!
|
| Thư viện lưu trữ: | Trung tâm Học liệu Trường Đại học Cần Thơ |
|---|
| LEADER | 01001nam a2200205Ia 4500 | ||
|---|---|---|---|
| 001 | CTU_138013 | ||
| 008 | 210402s9999 xx 000 0 und d | ||
| 020 | |c 385560 | ||
| 082 | |a 616.5 | ||
| 082 | |b S193 | ||
| 100 | |a Sams, Hunter H. | ||
| 245 | 0 | |a Derm facts | |
| 245 | 0 | |c Hunter H. Sams | |
| 260 | |a Philadelphia | ||
| 260 | |b Hanley & Belfus | ||
| 260 | |c 2001 | ||
| 520 | |a A portable "peripheral brain" of dermatologic information for physicians. Data is presented in 27 tables, organized alphabetically by subject. In addition to providing overviews of specific diseases of the skin, hair, nails, mouth, and mucus membranes, the reference covers advocacy and support groups, allergies and sensitizers, diet and foods, surgery, therapy, skin problems associated with medications, and other topics. The author is a dermatologist at Vanderbilt U. Medical Center. No index. | ||
| 650 | |a Dermatology,Skin Diseases | ||
| 904 | |i Giang | ||
| 980 | |a Trung tâm Học liệu Trường Đại học Cần Thơ | ||